Advanced C programming for Dummies / (Record no. 178962)

000 -LEADER
fixed length control field 00753 a2200169 4500
003 - CONTROL NUMBER IDENTIFIER
control field Nust
005 - DATE AND TIME OF LATEST TRANSACTION
control field 20220812155759.0
040 ## - CATALOGING SOURCE
Transcribing agency Nust
082 ## - DEWEY DECIMAL CLASSIFICATION NUMBER
Classification number 005.133,GOO
100 ## - MAIN ENTRY--PERSONAL NAME
Personal name Gooking, Dan
9 (RLIN) 97041
245 ## - TITLE STATEMENT
Title Advanced C programming for Dummies /
Remainder of title Dan Gookin
260 ## - PUBLICATION, DISTRIBUTION, ETC.
Place of publication, distribution, etc. New Delhi
Name of publisher, distributor, etc. Comdex computers
Date of publication, distribution, etc. 1997
300 ## - PHYSICAL DESCRIPTION
Extent 1066p .:
505 ## - FORMATTED CONTENTS NOTE
Formatted contents note Introduction (Page-561), Picking Up the C Pieces (Leftovers from Volume I) (Page-567), Arrays and Strings and Things (Page-621), The Ugliest Aspect of C: Pointers (Page-727), The Whole Deal with Structures (Page-851), The Disk Drive Is your Slave (Page-913), The Missing Chapter (Page-971), Building Big Programs (Page-973).
600 ## - SUBJECT ADDED ENTRY--PERSONAL NAME
Personal name Advanced C programming
9 (RLIN) 97042
942 ## - ADDED ENTRY ELEMENTS (KOHA)
Source of classification or shelving scheme
Koha item type Book
Call number prefix 005.133,GOO
Holdings
Withdrawn status Lost status Source of classification or shelving scheme Damaged status Not for loan Permanent Location Current Location Shelving location Date acquired Full call number Barcode Date last seen Price effective from Koha item type Public note
          Military College of Signals (MCS) Military College of Signals (MCS) General Stacks 12/12/2016 005.133,GOO MCS26550 12/08/2016 12/12/2016 Book Almirah No.4, Shelf No.4
© 2023 Central Library, National University of Sciences and Technology. All Rights Reserved.